| 000 | 00628nam a2200157 a 4500 | ||
|---|---|---|---|
| 001 | 000044898 | ||
| 005 | 20201002045720.0 | ||
| 008 | 150115s2014 dr a 000 0 spa d | ||
| 020 | _a9789945472363 | ||
| 040 |
_aDO-SdBNP _bspa _cBNPHU |
||
| 100 | 1 |
_aMeléndez Valencia, Martín _965476 |
|
| 245 | 1 | 0 |
_aDinámica de Fluidos y Turbomáquinas : _bprácticas de laboratorio / _cMartín Meléndez Valencia, Juan Ernesto Castellanos Cunillera. |
| 260 |
_aSanto Domingo : _bInstituto Tecnológico de Santo Domingo _bÁrea de ingeniería, _c2014. |
||
| 300 |
_a90 p. : _bil. ; _c28 cm. |
||
| 700 | 1 |
_aCastellanos Cunillera, Juan Ernesto _965477 |
|
| 999 |
_c44387 _d44387 |
||